|
|
|
|
| LEADER |
01141nam a2200301 a 4500 |
| 001 |
28515 |
| 003 |
BD-DhAAL |
| 005 |
20151026020002.0 |
| 008 |
141208s1992 ii 000 1 eng |
| 010 |
|
|
|a 92911639
|
| 020 |
|
|
|a 0140156380
|
| 025 |
|
|
|a I-E-70613
|
| 040 |
|
|
|a DLC
|c DLC
|d DLC
|d BD-DhAAL
|
| 050 |
0 |
0 |
|a PK1718.R3119
|b A26 1992
|
| 082 |
0 |
0 |
|a 891/.4437
|2 20
|
| 100 |
1 |
|
|a Ray, Satyajit,
|d 1921-1992.
|9 6681
|
| 240 |
1 |
0 |
|a Short stories.
|k Selections.
|l English
|
| 245 |
1 |
0 |
|a Twenty stories /
|c Satyajit Ray ; translated from the Bengali by Gopa Majumdar.
|
| 260 |
|
|
|a New Delhi, India ;
|a New York, N.Y., USA :
|b Penguin Books,
|c c1992.
|
| 300 |
|
|
|a 194 p.
|c 21 cm.
|
| 500 |
|
|
|a Cover title: 20 stories.
|
| 541 |
|
|
|e 28515
|
| 600 |
1 |
0 |
|a Ray, Satyajit,
|d 1921-1992
|x Translations into English.
|9 6682
|
| 651 |
|
0 |
|a India
|x Social life and customs
|x Fiction.
|9 5658
|
| 740 |
0 |
|
|a 20 stories.
|
| 942 |
|
|
|2 ddc
|c BK
|0 1
|
| 999 |
|
|
|c 33256
|d 33256
|
| 952 |
|
|
|0 0
|1 0
|2 ddc
|4 0
|6 891_443700000000000_RAY
|7 0
|9 44403
|a BRACUL
|b BRACUL
|c GEN
|d 2014-12-08
|e Paragon Enterprises Ltd.
|g 112.00
|l 8
|m 31
|o 891.4437 RAY
|p 3010028515
|r 2025-06-30
|s 2025-04-23
|t 1
|w 2014-12-08
|y BK
|